| 000 | 00795cam0 22002531ib4500 | ||
|---|---|---|---|
| 001 | BY-MI0000-br538377 | ||
| 005 | 20211222130911.0 | ||
| 100 | ^a20110401d1985 y0rusy50 ca | ||
| 101 | 0 | ^aeng | |
| 102 | ^aRU | ||
| 105 | ^aa z 000yy | ||
| 200 | 1 |
^aTown mouse and country mouse ^fretold by Alison Ainsworth ^gill. by John Dyke |
|
| 210 |
^aLoughborough ^cLadybird Books ^d1985 |
||
| 225 | 0 | ^aRead it yourself . | |
| 686 |
^a84(4Вел) ^v2 ^2rubbk |
||
| 686 |
^aХЛ ^v4 ^2rugasnti |
||
| 690 |
^a3 ^2Base ^9BY-MI0000 ^xRSEK |
||
| 701 | 1 |
^aAinsworth ^bA. ^gAlison |
|
| 701 | 1 |
^aDyke ^bJ. ^gJohn |
|
| 801 | 0 |
^aBY ^bBY-MI0000 ^c20110401 ^gpsbo |
|
| 801 | 2 |
^aBY ^bBY-MI0000 ^c20190320 ^gpsbo |
|
| 899 |
^aBY-MI0000 ^h84(4Вел) ^iTOW |
||